| 000 | 00838cab a2200241 4500 | ||
|---|---|---|---|
| 001 | WB3114-04 | ||
| 008 | 090401t1995 xxu||||| |||| 00| 0 eng d | ||
| 035 | _a(Sirsi) u46052 | ||
| 041 | _aeng | ||
| 245 | _aInsulation guarantee scheme | ||
| 260 | _c1995 | ||
| 350 | _a0 | ||
| 490 |
_aDoE News Release _v(168) 5 April 1995 (2) |
||
| 520 | _aA new Cavity Insulation Guarantee Scheme, developed by the insulation industry, aims to improve standards of customer care and encourage householders to invest in an effective method of saving energy in the home. | ||
| 650 | _aCAVITY INSULATION GUARANTEE SCHEME | ||
| 650 | _aCAVITY WALL INSULATION | ||
| 650 | _aCUSTOMER CARE | ||
| 650 | _aENERGY EFFICIENCY | ||
| 650 | _aINSULATION INDUSTRY | ||
| 690 | _aBUILT ENVIRONMENT-BUILDING MATERIALS | ||
| 942 | _n0 | ||
| 948 | _c04/03/1997 | ||
| 999 |
_c29136 _d29136 |
||